000 01418cam a22003137a 4500
005 20160115091801.0
008 051216s2002 bl ab f000 0 por d
020 _a8587166379
040 _aFUG
_cFUG
_dOCLCQ
_dTJC
_dCO-BoIAVH
041 _apor
042 _alccopycat
_alcode
044 _abl
082 0 0 _a333.75160981
_bA94a
245 0 0 _aAvaliacao e acoes prioritarias para a conservacao da biodiversidade das zonas costeira e marinha /
_cMinisterio do Meio Ambiente ; Fundacao Bio-Rio [texto ... et al.].
246 1 5 _aSumario executivo :
_bavaliacao e acoes prioritarias para a conservacao da biodiversidade das zonas costeira e marinha
260 _a[Brasilia] :
_bMinisterio do Meio Ambiente, Secretaria de Biodiversidade e Florestas,
_c[2002]
300 _a72 paginas. :
_bilustraciones, mapas ;
_c30 cm.
_e1 Mapa
500 _aCover title.
500 _aMapa de brasil
650 0 _aCoastal ecology
_zBrazil
_zAtlantic Coast.
650 0 _aEcologia costera
_yBrasil
650 0 _aConservación de biodiversidad
_yBrasil
650 0 _aBiodiversity conservation
_zBrazil
_zAtlantic Coast.
650 0 _aCoastal zone management
_xGovernment policy
_zBrazil
_zAtlantic Coast.
650 0 _aManejo de la zona costera
_zbrasil
710 2 _aFundacao Bio-Rio.
710 1 _aBrazil.
_bSecretaria de Biodiversidade e Florestas.
942 _2ddc
_cLIBRO
999 _c3763
_d3763